| Tag |
First Indicator |
Second Indicator |
Subfields |
| LEADER |
00000cam a2200000Ia 4500 |
| 001 |
in00004356921 |
| 005 |
20210728140442.0 |
| 006 |
m o d |
| 007 |
cr cn||||||||| |
| 008 |
080626s2005 enka ob 001 0 eng d |
| 019 |
|
|
|a 228110639
|a 843641288
|a 1086567639
|a 1110740587
|a 1157030269
|
| 020 |
|
|
|a 1847552501
|q (electronic bk.)
|
| 020 |
|
|
|a 9781847552501
|q (electronic bk.)
|
| 020 |
|
|
|z 9780854043262
|q (print)
|
| 035 |
|
|
|a (OCoLC)232637985
|z (OCoLC)228110639
|z (OCoLC)843641288
|z (OCoLC)1086567639
|z (OCoLC)1110740587
|z (OCoLC)1157030269
|
| 035 |
|
|
|a (OCoLC)ocn232637985
|
| 035 |
|
|
|a 6432164
|
| 037 |
|
|
|a 10.1039/9781847552501
|b Royal Society of Chemistry
|n http://www.rsc.org/spr
|
| 040 |
|
|
|a UKRSC
|b eng
|e pn
|c UKRSC
|d UKRSC
|d CUS
|d OCLCO
|d OKU
|d AU@
|d OCLCQ
|d N$T
|d OCLCF
|d DEBSZ
|d MHW
|d OCLCQ
|d NJR
|d OCLCO
|d MERER
|d VTS
|d AGLDB
|d OCLCO
|d STF
|d LEAUB
|d M8D
|d OCLCO
|d OCLCQ
|d IEUOL
|d K6U
|d OCLCA
|d ZHM
|d OCLCA
|d AUD
|d UtOrBLW
|
| 049 |
|
|
|a TXAM
|
| 050 |
|
4 |
|a RC280.S5
|b F76 2005eb
|
| 072 |
|
7 |
|a HEA
|x 039030
|2 bisacsh
|
| 072 |
|
7 |
|a MED
|x 062000
|2 bisacsh
|
| 072 |
|
7 |
|a PN
|2 bicssc
|
| 072 |
|
7 |
|a SCI
|2 eflch
|
| 082 |
0 |
4 |
|a 616.99477
|2 22
|
| 245 |
0 |
0 |
|a From DNA photolesions to mutations, skin cancer and cell death /
|c editors, Évelyne Sage, Régen Drouin, Mahmoud Rouabhia.
|
| 264 |
|
1 |
|a Cambridge, UK :
|b Royal Society of Chemistry,
|c [2005]
|
| 264 |
|
4 |
|c ©2005
|
| 300 |
|
|
|a 1 online resource (xxi, 311 pages) :
|b illustrations
|
| 336 |
|
|
|a text
|b txt
|2 rdacontent
|
| 337 |
|
|
|a computer
|b c
|2 rdamedia
|
| 338 |
|
|
|a online resource
|b cr
|2 rdacarrier
|
| 490 |
1 |
|
|a Comprehensive series in photochemistry and photobiology ;
|v v. 5
|
| 500 |
|
|
|a Electronic resource.
|
| 504 |
|
|
|a Includes bibliographical references and index.
|
| 505 |
0 |
|
|a UVB and UVA induced formation of photoproducts within cellular DNA -- Chemical sequencing profiles of photosensitized DNA damage -- DNA damage induced by UVA radiation : role in solar mutagenesis -- Mutations induced by UV and sunlight -- Mechanisms and mutagenic consequences of photoproduct bypass by replicative and DNA damage bypass polymerases -- The Ogg1 protein of Saccharomyces cerevisiae: properties and biological functions -- The role of a yeast homologue of the human phosphatase activator hPTPA in the cellular response to oxidative DNA damage -- DNA repair in RNA polymerase I transcribed genes -- Global genome nucleotide excision repair: key players and their functions -- Efficient repair of UV-induced DNA damage in terminally differentiated human keratinocytes -- Reactivation of UV-damaged viruses and reporter genes in mammalian cells -- Transcription of p53-regulated genes under transcriptional stress : implications for nucleotide excision repair -- What a difference a wavelength makes : the role of p53 in nucleotide excision repair of UV-induced DNA damage -- p53 and p33ING1 : Role in nucleotide excision repair of UV-damaged DNA -- Nuclear and non-nuclear signals leading to UV-induced apoptosis -- Opposing roles of UV-induced apoptosis in early skin cancer -- Acquired activation of signalling pathways in skin tumours from DNA repair-deficient xeroderma pigmentosum patients -- Chaos theory and self-organized criticality describe the DNA damage signal transduction network.
|
| 520 |
|
|
|a As modern day society takes an increasing interest in outdoor activities, its exposure to sunlight has never been greater. As a consequence, countries throughout the world are experiencing a dramatic increase in the incidences of skin carcinomas and melanomas. From DNA photolesions to mutations, skin cancer and cell death provides an authoritative source of information for photobiologists interested in the series of genetic events that occur in the skin, and eventually lead to cancer. With contributions from eminent scientists in the field, this book includes the latest information on DNA photolesions and repair, as well as the key mechanisms of solar UV in skin cancer initiation and development. Significant information relating to UV-induced photolesions and mechanisms of skin tumour occurrence is also included. By providing the basic phenomena underlying the science and an overview of the biological events that take place when cells are exposed to solar UV radiation, From DNA photolesions to mutations, skin cancer and cell death is suitable to all researchers interested in the process of photocarcinogenesis.
|
| 588 |
0 |
|
|a Print version record.
|
| 650 |
1 |
2 |
|a Skin Neoplasms
|x etiology.
|0 https://id.nlm.nih.gov/mesh/D012878Q000209
|
| 650 |
2 |
2 |
|a Skin Physiological Phenomena
|x genetics.
|0 https://id.nlm.nih.gov/mesh/D012879Q000235
|
| 650 |
2 |
2 |
|a Ultraviolet Rays
|x adverse effects.
|0 https://id.nlm.nih.gov/mesh/D014466Q000009
|
| 650 |
|
2 |
|a Atmosphere.
|0 https://id.nlm.nih.gov/mesh/D001272
|
| 650 |
|
2 |
|a Biochemical Phenomena.
|0 https://id.nlm.nih.gov/mesh/D001669
|
| 650 |
|
2 |
|a Biological Phenomena.
|0 https://id.nlm.nih.gov/mesh/D001686
|
| 650 |
|
2 |
|a Chemical Phenomena.
|0 https://id.nlm.nih.gov/mesh/D055598
|
| 650 |
|
2 |
|a DNA Damage.
|0 https://id.nlm.nih.gov/mesh/D004249
|
| 650 |
|
2 |
|a DNA Repair.
|0 https://id.nlm.nih.gov/mesh/D004260
|
| 650 |
|
2 |
|a Delivery of Health Care.
|0 https://id.nlm.nih.gov/mesh/D003695
|
| 650 |
|
2 |
|a Disease.
|0 https://id.nlm.nih.gov/mesh/D004194
|
| 650 |
|
2 |
|a Ecological and Environmental Phenomena.
|0 https://id.nlm.nih.gov/mesh/D055669
|
| 650 |
|
2 |
|a Electromagnetic Phenomena.
|0 https://id.nlm.nih.gov/mesh/D055590
|
| 650 |
|
2 |
|a Environment and Public Health.
|0 https://id.nlm.nih.gov/mesh/D004778
|
| 650 |
|
2 |
|a Environment.
|0 https://id.nlm.nih.gov/mesh/D004777
|
| 650 |
|
2 |
|a Genetic Phenomena.
|0 https://id.nlm.nih.gov/mesh/D055614
|
| 650 |
|
2 |
|a Integumentary System Physiological Phenomena.
|0 https://id.nlm.nih.gov/mesh/D055827
|
| 650 |
|
2 |
|a Light.
|0 https://id.nlm.nih.gov/mesh/D008027
|
| 650 |
|
2 |
|a Meteorological Concepts.
|0 https://id.nlm.nih.gov/mesh/D008685
|
| 650 |
|
2 |
|a Neoplasms by Site.
|0 https://id.nlm.nih.gov/mesh/D009371
|
| 650 |
|
2 |
|a Neoplasms.
|0 https://id.nlm.nih.gov/mesh/D009369
|
| 650 |
|
2 |
|a Optical Phenomena.
|0 https://id.nlm.nih.gov/mesh/D055620
|
| 650 |
|
2 |
|a Physical Phenomena.
|0 https://id.nlm.nih.gov/mesh/D055585
|
| 650 |
|
2 |
|a Radiation, Nonionizing.
|0 https://id.nlm.nih.gov/mesh/D011840
|
| 650 |
|
2 |
|a Radiation.
|0 https://id.nlm.nih.gov/mesh/D011827
|
| 650 |
|
2 |
|a Skin Diseases.
|0 https://id.nlm.nih.gov/mesh/D012871
|
| 650 |
|
2 |
|a Skin Neoplasms.
|0 https://id.nlm.nih.gov/mesh/D012878
|
| 650 |
|
2 |
|a Skin Physiological Phenomena.
|0 https://id.nlm.nih.gov/mesh/D012879
|
| 650 |
|
2 |
|a Skin and Connective Tissue Diseases.
|0 https://id.nlm.nih.gov/mesh/D017437
|
| 650 |
|
2 |
|a Sunlight.
|0 https://id.nlm.nih.gov/mesh/D013472
|
| 650 |
|
2 |
|a Ultraviolet Rays.
|0 https://id.nlm.nih.gov/mesh/D014466
|
| 650 |
|
2 |
|a Weather.
|0 https://id.nlm.nih.gov/mesh/D014887
|
| 650 |
|
0 |
|a Skin
|x Cancer.
|0 http://id.loc.gov/authorities/subjects/sh85123168
|
| 650 |
|
7 |
|a Chemistry.
|2 bicssc
|
| 650 |
|
7 |
|a HEALTH & FITNESS
|x Diseases
|x Cancer.
|2 bisacsh
|
| 650 |
|
7 |
|a MEDICAL
|x Oncology.
|2 bisacsh
|
| 650 |
|
7 |
|a Skin
|x Cancer.
|2 fast
|0 (OCoLC)fst01120055
|
| 655 |
|
7 |
|a Electronic books.
|2 local
|
| 700 |
1 |
|
|a Drouin, Régen,
|d 1958-
|0 http://id.loc.gov/authorities/names/nb2005019241
|
| 700 |
1 |
|
|a Rouabhia, Mahmoud,
|d 1957-
|0 http://id.loc.gov/authorities/names/n97800962
|
| 700 |
1 |
|
|a Sage, Evelyne.
|0 http://id.loc.gov/authorities/names/nb2005019240
|
| 776 |
0 |
8 |
|i Print version:
|t From DNA photolesions to mutations, skin cancer and cell death.
|d Cambridge : RSC Pub., ©2005
|z 9780854043262
|w (OCoLC)62532142
|
| 830 |
|
0 |
|a Comprehensive series in photochemistry & photobiology ;
|v v. 5.
|0 http://id.loc.gov/authorities/names/no2003067323
|
| 856 |
4 |
0 |
|u http://proxy.library.tamu.edu/login?url=https://dx.doi.org/10.1039/9781847552501
|z Connect to the full text of this electronic book
|t 0
|
| 955 |
|
|
|a RSC eBooks
|
| 994 |
|
|
|a 92
|b TXA
|
| 999 |
f |
f |
|s f1f73268-6ba4-3b70-989d-f8d29359db7e
|i 0db703d0-bacc-3d5f-9ad9-c3a98cabaec7
|t 0
|
| 952 |
f |
f |
|a Texas A&M University
|b College Station
|c Electronic Resources
|d Available Online
|t 0
|e RC280.S5 F76 2005eb
|h Library of Congress classification
|
| 998 |
f |
f |
|a RC280.S5 F76 2005eb
|t 0
|l Available Online
|